000 00644nam a2200217 a 4500
001 091708
003 BD-ChCU
008 Ben
020 _a
040 _aDLC
_cDLC
_dBD-ChCU
082 0 0 _a১৯০/মো হি জী
100 1 _aমোহিববুললাহ, কাজী
_b-
245 1 0 _aজীবন ও দর্শন
_b-
250 _a***
260 _aঢাকা
_bনওরোজ কিতাবিস্তান
_c১৯৯১
300 _a**
504 _a- Biblio-
650 0 _aদর্শন, বর্ত্তমান
_bদর্শন, বত্তমান
700 1 _a-
942 _2ddc
_cBK
999 _c91708
_d91708